[Event "Marburg op-A"]
[Site "Marburg"]
[Date "2023.10.28"]
[Round "4"]
[White "Goecke, Karl Ulrich"]
[Black "Jankowski, Richard"]
[Result "1-0"]
[WhiteElo "2143"]
[BlackElo "1766"]
[PlyCount "87"]
[EventDate "2023.10.26"]
[EventType "swiss"]
[EventRounds "7"]
[EventCountry "GER"]
[SourceTitle "CB49_2023"]
[SourceDate "2023.12.06"]
[SourceVersion "1"]
[SourceVersionDate "2023.12.06"]
[SourceQuality "1"]

1. d4 d5 2. Nf3 e6 3. g3 f5 4. Bg2 c6 5. 0-0 Nf6 6. c4 Be7 7. b3 0-0 8. Ba3 Bxa3 9. Nxa3 Qe7 10. Nc2 Nbd7 11. Nce1 dxc4 12. bxc4 e5 13. Nxe5 Nxe5 14. dxe5 Qxe5 15. Nd3 Qe7 16. Rb1 Be6 17. Qc2 Bf7 18. Rb2 Rfc8 19. Rfb1 Rc7 20. a4 Re8 21. a5 Be6 22. Nf4 Bc8 23. h4 g6 24. Bf3 Qf7 25. Qc3 Ne4 26. Qd4 Rd7 27. Qxa7 Qxc4 28. Bxe4 Qxe4 29. Qb6 Kg7 30. Rb3 Red8 31. Rd3 Rxd3 32. Nxd3 Qe7 33. Nc5 Rd2 34. e3 Qf7 35. Nxb7 Qa2 36. Rf1 Be6 37. Qxc6 Rc2 38. Qb6 Bd5 39. Nc5 Qc4 40. Qc7+ Kh6 41. e4 fxe4 42. Qf4+ Kg7 43. Nd7 Bf7 44. Qf6+ 1-0

[Event "EU-chT Seniors 50"]
[Site "Dresden"]
[Date "2022.11.02"]
[Round "7.3"]
[White "Goecke, Karl Ulrich"]
[Black "Van Herck, Marcel"]
[Result "1-0"]
[WhiteElo "2126"]
[BlackElo "2013"]
[PlyCount "45"]
[EventDate "2022.10.27"]
[EventType "team-swiss"]
[EventRounds "9"]
[EventCountry "GER"]
[SourceTitle "EXT 2024"]
[Source "ChessBase"]
[SourceDate "2023.10.10"]
[SourceVersion "1"]
[SourceVersionDate "2023.10.10"]
[SourceQuality "1"]
[WhiteTeam "Bielefeld 50"]
[BlackTeam "Belgium 50"]
[WhiteTeamCountry "GER"]
[BlackTeamCountry "BEL"]

1. d4 Nf6 2. Nf3 e6 3. g3 d5 4. Bg2 Be7 5. 0-0 0-0 6. c4 dxc4 7. Qc2 a6 8. a4 Ra7 9. Qxc4 b6 10. Rd1 c5 11. Bf4 Bb7 12. Nc3 Bd5 13. Qd3 Nc6 14. dxc5 Bxc5 15. Bg5 Nb4 16. Qd2 Be7 17. Bxf6 Bxf6 18. Nxd5 Nxd5 19. e4 Nc7 20. Qb4 Qb8 21. e5 a5 22. Qa3 Bd8 23. Nd4 1-0

[Event "EU-chT Seniors 50"]
[Site "Dresden"]
[Date "2022.10.27"]
[Round "1.3"]
[White "Goecke, Karl Ulrich"]
[Black "Nuernberger, Thomas"]
[Result "1-0"]
[WhiteElo "2126"]
[BlackElo "1963"]
[PlyCount "53"]
[EventDate "2022.10.27"]
[EventType "team-swiss"]
[EventRounds "9"]
[EventCountry "GER"]
[SourceTitle "EXT 2024"]
[Source "ChessBase"]
[SourceDate "2023.10.10"]
[SourceVersion "1"]
[SourceVersionDate "2023.10.10"]
[SourceQuality "1"]
[WhiteTeam "Bielefeld 50"]
[BlackTeam "Markkleeberg 50"]
[WhiteTeamCountry "GER"]
[BlackTeamCountry "GER"]

1. d4 c5 2. d5 e5 3. e4 d6 4. Nc3 a6 5. a4 g6 6. Bd3 Bg7 7. h3 Ne7 8. Nf3 0-0 9. Nd2 f5 10. Nc4 h6 11. a5 fxe4 12. Nxe4 Nxd5 13. Ncxd6 Nf4 14. Bc4+ Kh7 15. g3 Be6 16. gxf4 Bxc4 17. Nxc4 Qh4 18. Qg4 Qe7 19. fxe5 Nc6 20. Be3 Nxe5 21. Nxe5 Qxe5 22. c3 Rae8 23. f3 h5 24. Qg2 Bf6 25. 0-0 Bd8 26. Bxc5 Rf4 27. Bd6 1-0

[Event "NRW Class1 1516"]
[Site "Germany"]
[Date "2016.04.03"]
[Round "8.4"]
[White "Messarius, Juergen"]
[Black "Goecke, Karl Ulrich"]
[Result "1-0"]
[WhiteElo "2172"]
[BlackElo "2065"]
[PlyCount "63"]
[EventDate "2015.09.27"]
[EventType "team-tourn"]
[EventRounds "9"]
[EventCountry "GER"]
[SourceTitle "EXT 2017"]
[Source "ChessBase"]
[SourceDate "2016.10.25"]
[SourceVersion "1"]
[SourceVersionDate "2016.10.25"]
[SourceQuality "1"]
[WhiteTeam "Iserlohn Koenigsspringer"]
[BlackTeam "Werther"]
[WhiteTeamCountry "GER"]
[BlackTeamCountry "GER"]

1. e4 e6 2. d4 d5 3. Nc3 Bb4 4. e5 c5 5. a3 Bxc3+ 6. bxc3 Qa5 7. Bd2 Qa4 8. Qb1 c4 9. h4 Nc6 10. h5 h6 11. Nh3 Bd7 12. Be2 0-0-0 13. 0-0 f6 14. exf6 Nxf6 15. f4 Ne4 16. Be1 Rhg8 17. Bf3 Nd6 18. Qd1 g6 19. Kh2 gxh5 20. Qe2 Rg7 21. Bxh5 Rdg8 22. Bf3 Nd8 23. g4 Ne4 24. Rg1 Qa5 25. Bxe4 dxe4 26. Qxc4+ Bc6 27. Qe2 e3 28. c4 Qc7 29. Rd1 Qf7 30. Rd3 e5 31. dxe5 Qxc4 32. Rxd8+ 1-0

[Event "NRW Class1 1516"]
[Site "Germany"]
[Date "2016.03.06"]
[Round "7.3"]
[White "Goecke, Karl Ulrich"]
[Black "Kleff, Andre"]
[Result "1-0"]
[WhiteElo "2065"]
[BlackElo "2084"]
[PlyCount "89"]
[EventDate "2015.09.27"]
[EventType "team-tourn"]
[EventRounds "9"]
[EventCountry "GER"]
[SourceTitle "EXT 2017"]
[Source "ChessBase"]
[SourceDate "2016.10.25"]
[SourceVersion "1"]
[SourceVersionDate "2016.10.25"]
[SourceQuality "1"]
[WhiteTeam "Werther"]
[BlackTeam "Duisburg"]
[WhiteTeamCountry "GER"]
[BlackTeamCountry "GER"]

1. d4 d5 2. Nf3 c6 3. e3 e6 4. c4 f5 5. Be2 Nf6 6. 0-0 Bd6 7. b3 Qe7 8. a4 0-0 9. Ba3 Bxa3 10. Nxa3 Ne4 11. Qc1 Nd7 12. Nb1 g5 13. Nc3 g4 14. Ne1 Qg7 15. f3 gxf3 16. Bxf3 Ndf6 17. Nd3 Bd7 18. Ne5 Ng5 19. Ne2 Nf7 20. Nxf7 Rxf7 21. Nf4 Re8 22. Nd3 Rff8 23. Qa3 Bc8 24. a5 a6 25. Qd6 Kh8 26. Qe5 Nd7 27. Qxg7+ Kxg7 28. Rfe1 dxc4 29. bxc4 e5 30. Bh5 Re7 31. g3 Kh6 32. Be2 Kg5 33. Bf1 Rfe8 34. Kf2 Kf6 35. d5 Rg7 36. Bg2 cxd5 37. cxd5 b6 38. Rec1 bxa5 39. Rc6+ Kf7 40. Rac1 Rgg8 41. Rc7 e4 42. Nf4 a4 43. Bh3 Kf6 44. R1c6+ Ke5 45. Rxc8 1-0

[Event "Werther Schloss op 21st"]
[Site "Werther"]
[Date "2015.03.28"]
[Round "4"]
[White "Goecke, Karl Ulrich"]
[Black "Bente, Bjoern"]
[Result "1/2-1/2"]
[WhiteElo "2188"]
[BlackElo "2283"]
[PlyCount "47"]
[EventDate "2015.03.26"]
[EventType "swiss"]
[EventRounds "7"]
[EventCountry "GER"]
[SourceTitle "CBM 165 Extra"]
[Source "ChessBase"]
[SourceDate "2015.04.21"]
[SourceVersion "1"]
[SourceVersionDate "2015.04.21"]
[SourceQuality "1"]

1. d4 Nf6 2. Nf3 e6 3. e3 c5 4. dxc5 Bxc5 5. a3 d5 6. c4 0-0 7. b4 Be7 8. Bb2 dxc4 9. Bxc4 Qxd1+ 10. Kxd1 Nbd7 11. Ke2 Nb6 12. Bd3 Rd8 13. Nbd2 Bd7 14. Bd4 Nfd5 15. g3 f6 16. e4 Nc7 17. Rhc1 Nb5 18. Bxb6 axb6 19. Nc4 Bc6 20. a4 Nd4+ 21. Nxd4 Rxd4 22. b5 Bxe4 23. Bxe4 Rxe4+ 24. Kf3 1/2-1/2

[Event "Werther Schloss op 19th"]
[Site "Werther"]
[Date "2013.03.23"]
[Round "5"]
[White "Goecke, Karl Ulrich"]
[Black "Plassmann, Dominik"]
[Result "1-0"]
[WhiteElo "2203"]
[BlackElo "2059"]
[PlyCount "83"]
[EventDate "2013.03.22"]
[EventType "swiss"]
[EventRounds "7"]
[EventCountry "GER"]
[SourceTitle "CBM 153 Extra"]
[Source "ChessBase"]
[SourceDate "2013.04.22"]
[SourceVersion "1"]
[SourceVersionDate "2013.04.22"]
[SourceQuality "1"]

1. d4 Nf6 2. Nf3 g6 3. c4 Bg7 4. Nc3 0-0 5. e4 d6 6. Be2 e5 7. d5 a5 8. Bg5 h6 9. Bh4 Na6 10. Nd2 Nc5 11. 0-0 Bd7 12. b3 Qc8 13. f3 Nh7 14. a3 f5 15. b4 axb4 16. axb4 Rxa1 17. Qxa1 Na6 18. Qa3 g5 19. Bf2 f4 20. c5 dxc5 21. bxc5 Nb8 22. Qb3 Kh8 23. Rb1 g4 24. Qxb7 Qd8 25. c6 Bxc6 26. Qb2 gxf3 27. Nxf3 Ba8 28. Nh4 Qf6 29. Bh5 Rd8 30. Qxb8 Rxb8 31. Rxb8+ Nf8 32. Rxa8 Kh7 33. Bg4 h5 34. Bf5+ Kh6 35. Nb5 c6 36. Ra6 cxb5 37. Rxf6+ Bxf6 38. Bc5 Nh7 39. Nf3 Ng5 40. Nxg5 Kxg5 41. Bd7 f3 42. g3 1-0

[Event "Werther Schloss op 19th"]
[Site "Werther"]
[Date "2013.03.22"]
[Round "2"]
[White "Hecht, Carsten"]
[Black "Goecke, Karl Ulrich"]
[Result "1/2-1/2"]
[WhiteElo "2079"]
[BlackElo "2203"]
[PlyCount "37"]
[EventDate "2013.03.22"]
[EventType "swiss"]
[EventRounds "7"]
[EventCountry "GER"]
[SourceTitle "CBM 153 Extra"]
[Source "ChessBase"]
[SourceDate "2013.04.22"]
[SourceVersion "1"]
[SourceVersionDate "2013.04.22"]
[SourceQuality "1"]

1. e4 e6 2. d4 d5 3. e5 c5 4. c3 Nc6 5. Nf3 Qb6 6. a3 c4 7. g3 Bd7 8. Bg2 Na5 9. Nbd2 f6 10. 0-0 0-0-0 11. Rb1 Qc7 12. Re1 f5 13. Ng5 Nh6 14. h4 Be7 15. Nf1 Rdf8 16. Ne3 Nb3 17. Qe2 Qc6 18. Nh3 Rd8 19. Nf4 1/2-1/2

[Event "Werther Schloss op-A 17th"]
[Site "Werther"]
[Date "2011.04.16"]
[Round "5"]
[White "Goecke, Karl Ulrich"]
[Black "Naundorf, Maik"]
[Result "1/2-1/2"]
[WhiteElo "2202"]
[BlackElo "2131"]
[PlyCount "110"]
[EventDate "2011.04.14"]
[EventType "swiss"]
[EventRounds "7"]
[EventCountry "GER"]
[SourceTitle "CBM 141 Extra"]
[Source "ChessBase"]
[SourceDate "2011.05.03"]
[SourceVersion "1"]
[SourceVersionDate "2011.05.03"]
[SourceQuality "1"]

1. d4 Nf6 2. Nf3 g6 3. Bg5 Bg7 4. Nbd2 0-0 5. e4 d5 6. Bd3 dxe4 7. Nxe4 Nxe4 8. Bxe4 c5 9. c3 cxd4 10. Nxd4 Nd7 11. 0-0 Nf6 12. Bf3 e5 13. Nb3 Qc7 14. Qc1 Re8 15. Re1 Bf5 16. Bh6 Rad8 17. Bxg7 Kxg7 18. Qe3 b6 19. Rad1 Ng4 20. Bxg4 Bxg4 21. Rxd8 Qxd8 22. h3 Bc8 23. Qg3 f6 24. Qf3 Re7 25. Rd1 Rd7 26. Rxd7+ Qxd7 27. Qe2 Bb7 28. Qd2 Qc6 29. f3 Qc7 30. Qd3 h5 31. h4 Bc8 32. Qd5 Qe7 33. Nd2 Bb7 34. Qc4 f5 35. b4 Qd6 36. Nf1 Bd5 37. Qd3 Qe6 38. a4 Bc4 39. Qd8 Bxf1 40. Kxf1 Qc4+ 41. Kg1 Qxc3 42. Qe7+ Kg8 43. Qe8+ Kg7 44. Qe7+ Kg8 45. Qe8+ Kg7 46. Qe7+ Kh8 47. Qf8+ Kh7 48. Qf7+ Kh8 49. Qf8+ Kh7 50. Qf7+ Kh6 51. Qf8+ Kh7 52. Qf7+ Kh6 53. Qf8+ Kh7 54. Qf7+ Kh8 55. Qf8+ Kh7 1/2-1/2

[Event "Oberliga NRW 0607"]
[Site "Germany"]
[Date "2006.09.17"]
[Round "1.5"]
[White "Lamby, Philipp"]
[Black "Goecke, Karl Ulrich"]
[Result "1-0"]
[WhiteElo "2254"]
[BlackElo "2209"]
[PlyCount "65"]
[EventDate "2006.09.17"]
[EventType "team-tourn"]
[EventRounds "9"]
[EventCountry "GER"]
[SourceTitle "EXT 2007"]
[Source "ChessBase"]
[SourceDate "2006.11.23"]
[SourceVersion "1"]
[SourceVersionDate "2006.11.23"]
[SourceQuality "1"]
[WhiteTeam "Aachen"]
[BlackTeam "Werther"]
[WhiteTeamCountry "GER"]
[BlackTeamCountry "GER"]

1. d4 Nf6 2. c4 Nc6 3. Nf3 e6 4. a3 g6 5. Nc3 d6 6. e4 Bg7 7. Be2 0-0 8. 0-0 Re8 9. Be3 e5 10. d5 Nd4 11. h3 Nxe2+ 12. Qxe2 Nh5 13. c5 Nf4 14. Qc4 a6 15. Rac1 Qf6 16. Bxf4 Qxf4 17. Ne2 Qf6 18. Rc3 Bf8 19. b4 Bd7 20. Re1 c6 21. Nd2 Rac8 22. Rf3 Qg5 23. Nb3 cxd5 24. Qxd5 Be6 25. Qxb7 dxc5 26. Nxc5 Bxc5 27. bxc5 Qd2 28. Qb4 Qa2 29. Nc3 Qc4 30. Na4 a5 31. Qxc4 Bxc4 32. Nb6 Rxc5 33. Rc3 1-0

[Event "Werther Schloss op-A 12th"]
[Site "Werther"]
[Date "2006.04.07"]
[Round "3"]
[White "Gelashvili, Tamaz"]
[Black "Goecke, Karl Ulrich"]
[Result "1/2-1/2"]
[WhiteElo "2576"]
[BlackElo "2189"]
[PlyCount "69"]
[EventDate "2006.04.06"]
[EventType "swiss"]
[EventRounds "7"]
[EventCountry "GER"]
[SourceTitle "CBM 111 Extra"]
[Source "ChessBase"]
[SourceDate "2006.05.09"]
[SourceVersion "1"]
[SourceVersionDate "2006.05.09"]
[SourceQuality "1"]

1. e4 e6 2. b3 b6 3. Bb2 Bb7 4. Nc3 d5 5. exd5 exd5 6. Qf3 Nf6 7. Nb5 a6 8. Nd4 Qe7+ 9. Nde2 Nbd7 10. 0-0-0 Qe4 11. Ng3 Qxf3 12. Nxf3 Bc5 13. Re1+ Kf8 14. Nd4 Re8 15. Be2 h5 16. h4 g6 17. Bf3 Kg7 18. Nge2 Bd6 19. c4 Ne5 20. cxd5 Nd3+ 21. Kc2 Nxe1+ 22. Rxe1 Be5 23. Ng1 Bxd4 24. Rxe8 Rxe8 25. Bxd4 Rd8 26. d6 Bxf3 27. dxc7 Rc8 28. Nxf3 Rxc7+ 29. Kd3 Rd7 30. Ke3 Rd6 31. Be5 Re6 32. Kf4 Kf8 33. Nd4 Nd5+ 34. Ke4 Nf6+ 35. Kf4 1/2-1/2

[Event "Oberliga NRW 0506"]
[Site "Germany"]
[Date "2006.03.05"]
[Round "7.6"]
[White "Schirbel, Andreas"]
[Black "Goecke, Karl Ulrich"]
[Result "1-0"]
[WhiteElo "2268"]
[BlackElo "2189"]
[PlyCount "67"]
[EventDate "2005.09.25"]
[EventType "team-tourn"]
[EventRounds "9"]
[EventCountry "GER"]
[SourceTitle "EXT 2007"]
[Source "ChessBase"]
[SourceDate "2006.11.23"]
[SourceVersion "1"]
[SourceVersionDate "2006.11.23"]
[SourceQuality "1"]
[WhiteTeam "Gelsenkirchen Hassel"]
[BlackTeam "Werther"]
[WhiteTeamCountry "GER"]
[BlackTeamCountry "GER"]

1. d4 e6 2. Bf4 Nf6 3. e3 c5 4. c3 b6 5. Nf3 Be7 6. h3 0-0 7. Nbd2 Ba6 8. Bxa6 Nxa6 9. 0-0 Nb8 10. a3 Nc6 11. Rc1 d5 12. Re1 Rc8 13. b4 Qd7 14. dxc5 bxc5 15. b5 Nb8 16. c4 Rfd8 17. a4 Qb7 18. Qc2 a6 19. Rb1 axb5 20. axb5 Bd6 21. Ne5 Bxe5 22. Bxe5 Nbd7 23. Ba1 Ne8 24. Nb3 Qa8 25. cxd5 exd5 26. Red1 d4 27. exd4 c4 28. Nc5 Nxc5 29. dxc5 Rxc5 30. Rxd8 Qxd8 31. b6 Nd6 32. b7 Qb8 33. Qa4 f6 34. Qa8 1-0

[Event "Oberliga NRW 0506"]
[Site "Germany"]
[Date "2006.01.08"]
[Round "5.5"]
[White "Ackermann, Hans Werner"]
[Black "Goecke, Karl Ulrich"]
[Result "1-0"]
[WhiteElo "2358"]
[BlackElo "2189"]
[PlyCount "133"]
[EventDate "2005.09.25"]
[EventType "team-tourn"]
[EventRounds "9"]
[EventCountry "GER"]
[SourceTitle "EXT 2007"]
[Source "ChessBase"]
[SourceDate "2006.11.23"]
[SourceVersion "1"]
[SourceVersionDate "2006.11.23"]
[SourceQuality "1"]
[WhiteTeam "Dortmund Hansa"]
[BlackTeam "Werther"]
[WhiteTeamCountry "GER"]
[BlackTeamCountry "GER"]

1. e4 b6 2. d4 Bb7 3. Nd2 e6 4. Ngf3 Nf6 5. e5 Ne4 6. Nxe4 Bxe4 7. Bd3 Bxd3 8. Qxd3 d5 9. exd6 Bxd6 10. Ng5 Nd7 11. Nxh7 Qe7 12. Qf3 0-0-0 13. Ng5 f6 14. Qa8+ Nb8 15. Nf3 c6 16. a4 Qc7 17. a5 b5 18. a6 Kd7 19. Qb7 Qxb7 20. axb7 a6 21. Bd2 Rde8 22. Ba5 Bc7 23. Kd2 Bxa5+ 24. Rxa5 Kc7 25. Rha1 Rd8 26. Ke3 Kxb7 27. h3 e5 28. dxe5 Rhe8 29. R5a3 c5 30. Rd3 Rxd3+ 31. Kxd3 fxe5 32. Ke4 Nc6 33. c3 Rd8 34. Re1 a5 35. Re2 Kc7 36. Ng5 Rd7 37. g3 b4 38. Kf5 a4 39. Kg6 a3 40. bxa3 b3 41. c4 Re7 42. Ne4 Na5 43. Rb2 Nxc4 44. Rxb3 Kc6 45. a4 Nd6 46. Nxd6 Kxd6 47. g4 c4 48. Rc3 Kc5 49. h4 Kb4 50. Rc1 Rc7 51. Re1 Kxa4 52. Rxe5 c3 53. h5 c2 54. Re1 Kb3 55. f4 Rd7 56. Rc1 Kb2 57. Rxc2+ Kxc2 58. f5 Kd3 59. g5 Ke4 60. f6 gxf6 61. gxf6 Rd1 62. f7 Rg1+ 63. Kf6 Rf1+ 64. Ke7 Rf5 65. f8Q Rxf8 66. Kxf8 Kf5 67. Kg7 1-0

[Event "Oberliga NRW 0506"]
[Site "Germany"]
[Date "2005.10.09"]
[Round "2.5"]
[White "Goecke, Karl Ulrich"]
[Black "Goessling, Guido"]
[Result "1-0"]
[WhiteElo "2189"]
[BlackElo "2248"]
[PlyCount "55"]
[EventDate "2005.09.25"]
[EventType "team-tourn"]
[EventRounds "9"]
[EventCountry "GER"]
[SourceTitle "EXT 2007"]
[Source "ChessBase"]
[SourceDate "2006.11.23"]
[SourceVersion "1"]
[SourceVersionDate "2006.11.23"]
[SourceQuality "1"]
[WhiteTeam "Werther"]
[BlackTeam "Bielefeld"]
[WhiteTeamCountry "GER"]
[BlackTeamCountry "GER"]

1. d4 d5 2. Nf3 Nf6 3. c4 c6 4. e3 Bf5 5. cxd5 cxd5 6. Qb3 Qc7 7. Bd2 Nc6 8. Bb5 e6 9. Bb4 Bd6 10. Qa3 Ne4 11. Bxc6+ Qxc6 12. 0-0 Bxb4 13. Qxb4 a5 14. Qa3 b5 15. Ne5 Qc7 16. f3 Nd6 17. b3 Rc8 18. Nd2 0-0 19. Rfc1 Bc2 20. Qc5 Qb8 21. Nc6 Rxc6 22. Qxc6 Rc8 23. Qa6 Nf5 24. Nf1 a4 25. bxa4 bxa4 26. Rab1 Qc7 27. Rb2 Bd3 28. Qxc8+ 1-0

[Event "NRW Class1 0405"]
[Site "Germany"]
[Date "2005.04.24"]
[Round "9.7"]
[White "Goecke, Karl Ulrich"]
[Black "Majunke, Rainer"]
[Result "1-0"]
[WhiteElo "2168"]
[BlackElo "1994"]
[PlyCount "81"]
[EventDate "2004.10.10"]
[EventType "team"]
[EventRounds "9"]
[EventCountry "GER"]
[SourceTitle "EXT 2006"]
[Source "ChessBase"]
[SourceDate "2005.11.24"]
[SourceVersion "1"]
[SourceVersionDate "2005.11.24"]
[SourceQuality "1"]
[WhiteTeam "Werther"]
[BlackTeam "Betzdorf Kirchen"]
[WhiteTeamCountry "GER"]
[BlackTeamCountry "GER"]

1. d4 g6 2. Nf3 d5 3. c4 c6 4. e3 Bg7 5. Nc3 Nf6 6. Bd3 0-0 7. 0-0 e6 8. b3 Re8 9. Bb2 b6 10. Rc1 a6 11. Qc2 Ra7 12. Ne5 Nfd7 13. f4 f5 14. cxd5 Nxe5 15. dxe5 exd5 16. Rfd1 Be6 17. Be2 Qe7 18. Na4 Rb7 19. Bf3 Rc8 20. Qc3 h6 21. Rc2 Kh7 22. Qd2 Bf8 23. Qc1 Rcc7 24. Nc3 Bf7 25. Ne2 Be8 26. a4 a5 27. Nd4 Na6 28. Nxc6 Bxc6 29. Rxc6 Nb4 30. Rxc7 Rxc7 31. Qd2 Rc2 32. Qd4 Qc5 33. Ba3 Ra2 34. Bxb4 axb4 35. Bxd5 Qc2 36. Qd3 Qf2+ 37. Kh1 Bc5 38. Bf3 h5 39. Qd7+ Kh6 40. Qd8 g5 41. Qxg5+ 1-0

[Event "NRW Class1 0405"]
[Site "Germany"]
[Date "2005.01.30"]
[Round "6.5"]
[White "Kurr, Gerd"]
[Black "Goecke, Karl Ulrich"]
[Result "1/2-1/2"]
[WhiteElo "2217"]
[BlackElo "2168"]
[PlyCount "65"]
[EventDate "2004.10.10"]
[EventType "team"]
[EventRounds "9"]
[EventCountry "GER"]
[SourceTitle "EXT 2006"]
[Source "ChessBase"]
[SourceDate "2005.11.24"]
[SourceVersion "1"]
[SourceVersionDate "2005.11.24"]
[SourceQuality "1"]
[WhiteTeam "Elberfeld"]
[BlackTeam "Werther"]
[WhiteTeamCountry "GER"]
[BlackTeamCountry "GER"]

1. d4 Nf6 2. Nf3 e6 3. c4 Bb4+ 4. Bd2 Qe7 5. g3 Nc6 6. Bg2 Bxd2+ 7. Nbxd2 d6 8. 0-0 e5 9. d5 Nb8 10. e4 a5 11. Ne1 0-0 12. Nd3 c6 13. f4 exf4 14. gxf4 cxd5 15. cxd5 Na6 16. Qb3 Nd7 17. Rac1 Ndc5 18. Nxc5 Nxc5 19. Qe3 b6 20. Rfe1 Ba6 21. Bf1 Bxf1 22. Nxf1 Rfe8 23. Ng3 Qd7 24. Rc2 f5 25. Rxc5 bxc5 26. Nxf5 Rab8 27. Qc3 Rb4 28. Re3 Rexe4 29. Rg3 Red4 30. Rxg7+ Qxg7+ 31. Nxg7 Kxg7 32. b3 a4 33. Qg3+ 1/2-1/2

[Event "NRW Class1 0405"]
[Site "Germany"]
[Date "2004.10.10"]
[Round "1.5"]
[White "Silbermann, Frank"]
[Black "Goecke, Karl Ulrich"]
[Result "1/2-1/2"]
[WhiteElo "2148"]
[BlackElo "2168"]
[PlyCount "24"]
[EventDate "2004.10.10"]
[EventType "team"]
[EventRounds "9"]
[EventCountry "GER"]
[SourceTitle "EXT 2006"]
[Source "ChessBase"]
[SourceDate "2005.11.24"]
[SourceVersion "1"]
[SourceVersionDate "2005.11.24"]
[SourceQuality "1"]
[WhiteTeam "Koeln Brueck"]
[BlackTeam "Werther"]
[WhiteTeamCountry "GER"]
[BlackTeamCountry "GER"]

1. c4 Nc6 2. g3 e5 3. Bg2 Nf6 4. e4 Bc5 5. Ne2 Ng4 6. 0-0 Qf6 7. d4 exd4 8. Nf4 d6 9. h3 Nge5 10. Nh5 Qg6 11. Nf4 Qf6 12. Nh5 Qg6 1/2-1/2